<?xml version="1.0" encoding="UTF-8"?>
<record
    xmlns:xsi="http://www.w3.org/2001/XMLSchema-instance"
    xsi:schemaLocation="http://www.loc.gov/MARC21/slim http://www.loc.gov/standards/marcxml/schema/MARC21slim.xsd"
    xmlns="http://www.loc.gov/MARC21/slim">

  <leader>01798nam a22002897a 4500</leader>
  <datafield tag="999" ind1=" " ind2=" ">
    <subfield code="c">22005</subfield>
    <subfield code="d">22005</subfield>
  </datafield>
  <controlfield tag="003">AR-CdUCM</controlfield>
  <controlfield tag="008">190425b           ||||| |||| 00| 0 spa d</controlfield>
  <datafield tag="040" ind1=" " ind2=" ">
    <subfield code="a">MUNICIPALIDAD PROVINCIAL DEL CUSCO</subfield>
    <subfield code="c">BIBLIOTECA MUNICIPAL DEL CUSCO</subfield>
  </datafield>
  <datafield tag="082" ind1=" " ind2=" ">
    <subfield code="a">Hist.Ecle/N&#xB0;6/1998</subfield>
  </datafield>
  <datafield tag="110" ind1=" " ind2=" ">
    <subfield code="a">Instituto Peruano de Historia Eclesi&#xE1;stica</subfield>
    <subfield code="9">47113</subfield>
  </datafield>
  <datafield tag="245" ind1=" " ind2=" ">
    <subfield code="a">Revista peruana de Historia Eclesi&#xE1;stica /</subfield>
    <subfield code="c">Instituto Peruano de Historia Eclesi&#xE1;stica</subfield>
  </datafield>
  <datafield tag="260" ind1=" " ind2=" ">
    <subfield code="a">Lima.</subfield>
    <subfield code="b">Servicio copias Gr&#xE1;ficas,</subfield>
    <subfield code="c">1998.</subfield>
  </datafield>
  <datafield tag="300" ind1=" " ind2=" ">
    <subfield code="a">288 p&#xE1;ginas. :</subfield>
    <subfield code="c">22 cm.</subfield>
  </datafield>
  <datafield tag="440" ind1=" " ind2=" ">
    <subfield code="a">Revista peruana de Historia Eclesi&#xE1;stica.</subfield>
    <subfield code="n">N&#xB0;6,1998.</subfield>
    <subfield code="9">47127</subfield>
  </datafield>
  <datafield tag="505" ind1=" " ind2=" ">
    <subfield code="a">Contenido: Circunscripci&#xF3;n Eclesi&#xE1;stica. Jos&#xE9; Dammert Bellido. -- La orden dominicana en el Per&#xFA; del siglo XX. Guillermo &#xC1;lvarez. -- Las misiones dominicanas de Puerto Maldonado. Juan Jos&#xE9; Larra&#xF1;eta. -- La provincia franciscana de los doce ap&#xF3;stoles del Per&#xFA; en el siglo XX. Federico Richter. -- Los franciscanos en el Per&#xFA; en el siglo XX. Juli&#xE1;n Heras. -- Los mercedarios del Per&#xFA; en el siglo XX. Severo Aparicio. -- Los agustinos en el Per&#xFA; del siglo XX. Benigno Ayarra C&#xE1;mara. -- Los jesuitas en el Per&#xFA; del siglo XX. Armando Nieto. -- Nuevos institutos religiosos en el Per&#xFA; del siglo XX. Jeffrey Klaiber. -- La iglesia y la educaci&#xF3;n peruana en el siglo XX. Andr&#xE9;s Card&#xF3; Franco. -- La religiosidad popular en el Per&#xFA; del siglo XX. Manuel M. Marzal.</subfield>
  </datafield>
  <datafield tag="650" ind1=" " ind2=" ">
    <subfield code="a">Historia eclesi&#xE1;stica</subfield>
    <subfield code="9">42856</subfield>
  </datafield>
  <datafield tag="650" ind1=" " ind2=" ">
    <subfield code="a">Educaci&#xF3;n colonial</subfield>
    <subfield code="9">25888</subfield>
  </datafield>
  <datafield tag="650" ind1=" " ind2=" ">
    <subfield code="a">Historia del Cusco</subfield>
    <subfield code="9">1714</subfield>
  </datafield>
  <datafield tag="650" ind1=" " ind2=" ">
    <subfield code="a">Religi&#xF3;n cat&#xF3;lica</subfield>
    <subfield code="9">47116</subfield>
  </datafield>
  <datafield tag="650" ind1=" " ind2=" ">
    <subfield code="a">Evangelizaci&#xF3;n</subfield>
    <subfield code="9">47119</subfield>
  </datafield>
  <datafield tag="700" ind1=" " ind2=" ">
    <subfield code="a">Dammert, Jos&#xE9;</subfield>
    <subfield code="9">47121</subfield>
  </datafield>
  <datafield tag="700" ind1=" " ind2=" ">
    <subfield code="a">&#xC1;lvarez, Guillermo</subfield>
    <subfield code="9">47125</subfield>
  </datafield>
  <datafield tag="700" ind1=" " ind2=" ">
    <subfield code="a">Heras, Juli&#xE1;n</subfield>
    <subfield code="9">47126</subfield>
  </datafield>
  <datafield tag="700" ind1=" " ind2=" ">
    <subfield code="a">Marzal, Manuel</subfield>
    <subfield code="9">46162</subfield>
  </datafield>
  <datafield tag="942" ind1=" " ind2=" ">
    <subfield code="2">ddc</subfield>
    <subfield code="c">PP</subfield>
  </datafield>
  <datafield tag="945" ind1=" " ind2=" ">
    <subfield code="a">rac</subfield>
  </datafield>
  <datafield tag="952" ind1=" " ind2=" ">
    <subfield code="0">0</subfield>
    <subfield code="2">ddc</subfield>
    <subfield code="4">0</subfield>
    <subfield code="7">0</subfield>
    <subfield code="a">HEM</subfield>
    <subfield code="b">HEM</subfield>
    <subfield code="c">CART</subfield>
    <subfield code="d">2022-02-04</subfield>
    <subfield code="g">10.00</subfield>
    <subfield code="o">Hist.Ecle/N&#xB0;6/1998</subfield>
    <subfield code="p">REVC000529</subfield>
    <subfield code="r">2022-02-04</subfield>
    <subfield code="y">PP</subfield>
  </datafield>
</record>
